000
00196 a2200097 4500
001
10976
100
_a
N. Y.
245
_a
The same Society
260
_a
_b
Fawcett Premir
_c
090
_c
8544
_d
8544
942
_a
NUST-CAE
_c
M
_c
35316
999
_c
246049
_d
246049